书目信息 |
| 题名: |
通风机的使用与维修
|
|
| 作者: | 张汉昶 编著 | |
| 分册: | ||
| 出版信息: | 北京 机械工业出版社 1985.5 |
|
| 页数: | 171页 | |
| 开本: | 26cm | |
| 丛书名: | ||
| 单 册: | ||
| 中图分类: | TH43 | |
| 科图分类: | ||
| 主题词: | 通风机 | |
| 电子资源: | ||
| ISBN: | ||
| 000 | 00503nam0 2200181 45 | |
| 001 | 0312221749 | |
| 005 | 20060518162739.46 | |
| 010 | @dCNY1.50 | |
| 100 | @a20031222d1985 km y0chiy0120 ea | |
| 101 | @achi | |
| 200 | 1 | @a通风机的使用与维修@ATong Feng Ji De Shi Yong Yu Wei Xiu@f张汉昶编著@FZhang Han Chang Bian Zhu |
| 210 | @a北京@c机械工业出版社@d1985.5 | |
| 215 | @a171页@d26cm | |
| 606 | 0 | @a通风机 |
| 690 | @aTH43@v3 | |
| 701 | 0 | @a张汉昶@4编著 |
| 801 | @aCN@bTSTCL@c20060518 | |
| 905 | @a213230@dTH43@e2 | |
| 通风机的使用与维修/张汉昶编著.-北京:机械工业出版社,1985.5 |
| 171页;26cm |
| ISBN :CNY1.50 |
| ● |
| 相关链接 |
|
|
|
|
正题名:通风机的使用与维修
索取号:TH43/2
 
预约/预借
| 序号 | 登录号 | 条形码 | 馆藏地/架位号 | 状态 | 备注 |
| 1 | 0141494 | 202135108 | 密集书库/ [索取号:TH43/2] | 在馆 | |
| 2 | 0141495 | 202135064 | 密集书库/ [索取号:TH43/2] | 在馆 | |
| 3 | 0141496 | 202363600 | 第二样本阅览室/ [索取号:TH43/2] | 在馆 |